EFL Mad Gab - Statistics

General Stats
  • This quiz has been taken 305 times
  • The average score is 14 of 15
Answer Stats
Hint Answer % Correct
Chris stall pail lice Crystal Palace
99%
Tot numb ought sport Tottenham Hotspur
99%
Nuke hassle you knighted Newcastle United
98%
Nor rich sit tea Norwich City
98%
Peat or burr uh Peterborough
98%
Bowl ton won the errors Bolton Wanderers
97%
Wall for ham ton wand there ores Wolverhampton Wanderers
97%
Chef feel do when’s they Sheffield Wednesday
96%
Wig in math let tick Wigan Athletic
96%
Burr ermine gums it tee Birmingham City
94%
Burn myth Bournemouth
94%
Udders fee old down Huddersfield Town
94%
Jill in gum Gillingham
89%
It’s wind in down Swindon Town
85%
Core dips it tea Cardiff City
78%
No matching quizzes found
Score Distribution
Percent of People with Each Score
Percentile by Number Answered
Your Score History
You have not taken this quiz